Statistics for Vancouver Canucks Roster

Click here to take the quiz!

General Stats

  • This quiz has been taken 192 times
    (140 since last reset)
  • The average score is 12 of 25

Answer Stats

NumberLast Name% Correct
53Horvat
91%
33Sedin
88%
22Sedin
88%
6Boeser
80%
25Markstrom
76%
23Edler
74%
8Tanev
65%
18Virtanen
56%
27Hutton
50%
51Stecher
50%
44Gudbranson
47%
89Gagner
45%
21Eriksson
43%
47Baertschi
42%
60Granlund
41%
31Nilsson
39%
55Biega
37%
4Del Zotto
32%
5Pouliot
32%
16Sutter
31%
49Archibald
24%
50Gaunce
22%
9Leipsic
20%
36Jokinen
16%
17Dowd
9%

Score Distribution

Percentile by Number Answered

Percent of People with Each Score

Your Score History

You have not taken this quiz since the last reset